| 000 | 00492cam a2200193ua 4500 | ||
|---|---|---|---|
| 020 | _c15.00 | ||
| 041 |
_aeng _h |
||
| 082 |
_a547 _bFER/TE |
||
| 100 | _aFerguson, Llyod N . | ||
| 245 |
_aText book of organic chemistry / _cLloyd N Ferguson. _hTextual Documents |
||
| 250 |
_a2 / _b. |
||
| 260 |
_aNew Delhi : _bAffiliated East West Press Pvt Ltd , _c1966. |
||
| 300 | _a755 ; . | ||
| 365 | _a15.00 | ||
| 504 | _a | ||
| 942 | _cBK | ||
| 999 |
_c7544 _d7544 |
||